Tractor Systems and Controls (Record no. 3208)

MARC details
000 -LEADER
fixed length control field 00285nam a22001337a 4500
020 ## - INTERNATIONAL STANDARD BOOK NUMBER
International Standard Book Number 978-93-90309-55-9
041 ## - LANGUAGE CODE
Language code of text/sound track or separate title ENG
100 ## - MAIN ENTRY--PERSONAL NAME
Personal name Shahare.P
245 ## - TITLE STATEMENT
Title Tractor Systems and Controls
260 ## - PUBLICATION, DISTRIBUTION, ETC. (IMPRINT)
Place of publication, distribution, etc Dapoli
Name of publisher, distributor, etc Narendra Pub
Date of publication, distribution, etc 2021
300 ## - PHYSICAL DESCRIPTION
Extent 420
650 ## - SUBJECT ADDED ENTRY--TOPICAL TERM
Topical term or geographic name as entry element FMP
856 ## - ELECTRONIC LOCATION AND ACCESS
Uniform Resource Identifier FMP
Holdings
Withdrawn status Lost status Source of classification or shelving scheme Damaged status Not for loan Home library Current library Shelving location Date acquired Total Checkouts Barcode Date last seen Price effective from Koha item type
    Dewey Decimal Classification     College of Agricultural Engineering and Technology, Dapoli , Library College of Agricultural Engineering and Technology, Dapoli , Library Book Cart 30/08/2022   G01137 30/08/2022 30/08/2022 Books

Contact Us: College of Agricultural Engineering and Technology, Dapoli, Dist.- Ratnagiri
Website: https://dbskkv.org Email: caetlibrary2015@gmail.com